Zdokonaľovanie podnikateľského modelu podľa konceptu Canvas vo vybranom podniku diplomová práca

Gespeichert in:
Bibliographische Detailangaben
1. Verfasser: Ruman, Bernard
Körperschaft: Fakulta podnikového manažmentu EU. Katedra manažmentu
Weitere Verfasser: Hudáková, Ivana, 1976-
Format: Buch
Sprache:Slowakisch
Veröffentlicht: Bratislava 2019
Tags: Tag hinzufügen
Keine Tags, Fügen Sie das erste Tag hinzu!

MARC

LEADER 00000nbm a2200000 4500
001 0255337
005 20191119132416.8
041 0 |a slo 
044 |a SK 
245 1 0 |a Zdokonaľovanie podnikateľského modelu podľa konceptu Canvas vo vybranom podniku  |b diplomová práca  |c Bernard Ruman ; školiteľ: Ivana Mišúnová Hudáková 
264 1 |a Bratislava  |c 2019 
300 |a 62 s. 
100 1 |a Ruman, Bernard 
700 1 |a Hudáková, Ivana, 1976- 
710 2 |a Fakulta podnikového manažmentu EU. Katedra manažmentu